00888 2200325 4500001002100000005001500021035002000036007000300056008004100059020002200100082001100122084001500133100006000148245009700208260003500305300003700340650001800377700002800395520002600423990001200449990001200461990001100473990001200484990001100496990001100507990001100518990001100529990001100540990001100551INLIS00000000000206020180712090708 a0010-0718000012ta180712 g 0 ind  a978-979-709-371-6 a808.83 a808.83 CIN0 aCINTA, Di Atas Perahu Candik Cerpen Kompas Pilihan 20071 aCinta Di Atas Perahu Candik Cerpen Kompas Pilihan 2007 /cpenyunting, Ninuk Mardiana Pambudy aJakarta :bBuku Kompas,c[s.a] axxv, 155 hlm. :bilus. ;c21 cm. aCERITA PENDEK0 aNINUK, Mardiana Pambudy abibliografi: hlm. 155 a16446 a a16446 b a16446b a16446 a a16446a a16446b a16446a a16446b a16446b a16446a